000 005060000a22001810004500
003 MACL
005 20160413174120.0
008 160413b xxu||||| |||| 00| 0 eng d
040 _aMACL
_cMACL
041 _aHindi
082 _a891.433
100 _aअलका सरावगी
_952356
245 _aशेष कादम्‍बरी
260 _bराजकमल प्रकाशन
_c2002
_aपटना
350 _a150
650 _aNovel
_952357
942 _cHIN
_k891.433/SRA/N
_2ddc
999 _c11027
_d11027